[Event "2nd Ideon Andron Open 2013"]
[Site "Anogia GRE"]
[Date "2013.07.13"]
[Round "5.8"]
[White "Sienczewski,Z"]
[Black "Skembris,S"]
[Result "1-0"]
[WhiteElo "2075"]
[BlackElo "2458"]

1.Nf3 Nf6 2.g3 b6 3.Bg2 Bb7 4.O-O e6 5.c4 c5 6.Nc3 Be7 7.d4 cxd4 8.Qxd4 O-O
9.Rd1 d6 10.Bg5 Nc6 11.Qd2 Na5 12.b3 Qb8 13.Rac1 Rd8 14.Qf4 h6 15.Bxh6 gxh6
16.Qxh6 Rd7 17.Qg5+ Kh8 18.Qh6+ Nh7 19.Ne5 Bg5 20.Qh5 Bxg2 21.Nxd7 Qc7 22.Kxg2 Qxd7
23.f4 Bf6 24.Qf3 Rd8 25.Rc2 a6 26.Rcd2 Nb7 27.e4 Qc7 28.Rd3 Kg7 29.g4 Nc5
30.g5 Bxc3 31.Rxc3 Rh8 32.h4 Qc6 33.Re3 a5 34.h5 Rg8 35.Kf2 Kf8 36.e5 d5
37.cxd5 exd5 38.Qxd5 Qb5 39.Qa8+ Kg7 40.h6+ Kh8 41.Rd8 Ne4+ 42.Rxe4 Qc5+
43.Red4 Qxd4+ 44.Rxd4 Rxa8 45.Rd7 Kg8 46.Rb7 Nf8 47.f5 Re8 48.g6 fxg6 49.fxg6 Ne6
50.Rxb6 Nf4 51.Kf3 Nd3 52.Kg4 Nxe5+ 53.Kf5 Nf3 54.Kf6 Rf8+ 55.Ke7 Nd4 56.g7 Ra8
57.Rf6 Ra7+ 58.Kd8 Kh7 59.Kc8 Ra8+ 60.Kb7 Rg8 61.Rf8 Ne2 62.Kb6 Nc1 63.Kxa5 Nxa2
64.b4 Nc1 65.b5 Nb3+ 66.Kb4 Nd4 67.b6 Nc6+ 68.Kc5 Nb8 69.Kd6 Na6 70.b7 Nb8
71.Rxb8 Rxb8 72.Kc7 Rg8 73.b8=Q Rxb8 74.Kxb8 Kg8 75.Kc7 Kf7 76.Kd7 Kg8 77.Ke7 Kh7
78.Kf7  1-0

[Event "12th Condom Open"]
[Site "Condom FRA"]
[Date "2013.07.13"]
[Round "1.3"]
[White "Miron,L"]
[Black "Vandervorst,JM"]
[Result "1-0"]
[WhiteElo "2544"]
[BlackElo "2031"]

1.Nf3 Nf6 2.g3 b6 3.Bg2 Bb7 4.O-O e6 5.c4 c5 6.b3 Be7 7.Bb2 O-O 8.e3 d5 9.Qe2 Nbd7
10.d3 Qc7 11.Nc3 Rad8 12.Rfd1 Rfe8 13.Rac1 e5 14.cxd5 Nxd5 15.Nxd5 Bxd5 16.b4 Qb7
17.e4 Bxa2 18.Nxe5 Bb3 19.Re1 Nxe5 20.Bxe5 f6 21.Bf4 cxb4 22.Rc7 Qa6 23.Qg4 Bf7
24.e5 Bc5 25.Be4 Qa2 26.Re2 Qa1+ 27.Kg2 Re7 28.exf6 Qxf6 29.Bg5 Rxe4 30.dxe4 Qg6
31.Rxf7 Kxf7 32.Qf4+ Ke8 33.Qe5+ Kd7 34.Rd2+  1-0

[Event "FSIM July 2013"]
[Site "Budapest HUN"]
[Date "2013.07.14"]
[Round "9.6"]
[White "Toth,Sar"]
[Black "Sean,W"]
[Result "0-1"]
[WhiteElo "2178"]
[BlackElo "2259"]

1.Nf3 b6 2.g3 Bb7 3.Bg2 c5 4.c4 Nf6 5.O-O e6 6.Nc3 d6 7.Re1 Nbd7 8.e4 a6
9.d4 cxd4 10.Nxd4 Qc7 11.Be3 Be7 12.Rc1 O-O 13.f4 Rac8 14.Bf2 Rfd8 15.g4 g6
16.b3 Qb8 17.g5 Nh5 18.Qg4 e5 19.Nd5 Bf8 20.Ne2 Bxd5 21.exd5 exf4 22.Nxf4 Ne5
23.Rxe5 Nxf4 24.Re3 Nxg2 25.Kxg2 Re8 26.Rh3 h5 27.gxh6 Kh7 28.Bd4 f5 29.Qg5 Be7
30.Qd2 b5 31.Bb2 Rc7 32.cxb5 Rxc1 33.Bxc1 Qxb5 34.Qd3 Rc8 35.Qxb5 Rc2+ 36.Kf3 axb5
37.Be3 Rxa2 38.Rg3 Rb2 39.h4 Rxb3  0-1

[Event "8th Nana Aleksandria"]
[Site "Poti GEO"]
[Date "2013.07.14"]
[Round "2.10"]
[White "Shalamberidze,A"]
[Black "Abulaban,Amr"]
[Result "1-0"]
[WhiteElo "2395"]
[BlackElo "2054"]

1.Nf3 Nf6 2.c4 e6 3.g3 b6 4.Bg2 Bb7 5.O-O c5 6.Nc3 Be7 7.d4 cxd4 8.Qxd4 d6
9.Bg5 a6 10.Bxf6 Bxf6 11.Qd3 Be7 12.Rfd1 Nd7 13.Ne4 d5 14.cxd5 exd5 15.Nc3 Nc5
16.Qf5 g6 17.Qe5 f6 18.Qd4 Ne6 19.Qd2 Bb4 20.Nd4 Nc7 21.a3 Bxc3 22.Qxc3 Qd6
23.Rac1 Rc8 24.Bh3 f5 25.Nxf5 Qf8 26.Nd6+  1-0

[Event "12th Condom Open"]
[Site "Condom FRA"]
[Date "2013.07.15"]
[Round "4.1"]
[White "Jianu,V"]
[Black "Santos Latasa,J"]
[Result "1/2-1/2"]
[WhiteElo "2560"]
[BlackElo "2418"]

1.Nf3 Nf6 2.c4 b6 3.g3 Bb7 4.Bg2 c5 5.O-O e6 6.Nc3 Be7 7.d4 cxd4 8.Qxd4 O-O
9.Rd1 Nc6 10.Qf4 Qb8 11.b3 Rd8 12.Qxb8 Raxb8 13.Bf4 Rbc8 14.Ne5  1/2-1/2

[Event "8th Nana Aleksandria"]
[Site "Poti GEO"]
[Date "2013.07.15"]
[Round "3.8"]
[White "Zarkua,D"]
[Black "Matevosian,S"]
[Result "1-0"]
[WhiteElo "2416"]
[BlackElo "2182"]

1.Nf3 Nf6 2.c4 e6 3.g3 b6 4.Bg2 Bb7 5.O-O c5 6.d4 cxd4 7.Qxd4 d6 8.Nc3 a6
9.Rd1 Nbd7 10.b3 Be7 11.e4 O-O 12.Ba3 Nc5 13.e5 dxe5 14.Qxd8 Rfxd8 15.Nxe5 Bxg2
16.Kxg2 Kf8 17.Nc6 Rxd1 18.Rxd1 Ng8 19.Nxe7 Nxe7 20.Rd6 Ke8 21.Rxb6 Nd7 22.Rb7 Nc6
23.Ne4 f5 24.Nc5  1-0

[Event "Czech Open G1 Rapid 2013"]
[Site "Pardubice CZE"]
[Date "2013.07.18"]
[Round "5.39"]
[White "Usmanov,V"]
[Black "Mojzis,Jar"]
[Result "1-0"]
[WhiteElo "2386"]
[BlackElo "2189"]

1.Nf3 c5 2.g3 b6 3.Bg2 Bb7 4.O-O Nf6 5.c4 e6 6.Nc3 d6 7.d4 cxd4 8.Qxd4 a6
9.Bg5 Nbd7 10.Rfd1 h6 11.Bxf6 Nxf6 12.Nd2 Bxg2 13.Kxg2 Ra7 14.Nde4 Nxe4 15.Nxe4 Rd7
16.Rd3 Qc7 17.Rad1 Qc6 18.f3 f5 19.Nc3 Kf7 20.e4 fxe4 21.Qxe4 Qc7 22.Re3 Re7
23.Qf4+ Kg8 24.Ne4 Rf7 25.Qg4 h5 26.Qxe6 Rh6 27.Qd5 Kh8 28.Ng5 Re7 29.Rxe7 Qxe7
30.Nf7+ Kh7 31.Nxh6  1-0

[Event "Czech Open G1 Rapid 2013"]
[Site "Pardubice CZE"]
[Date "2013.07.18"]
[Round "9.29"]
[White "Harika,D"]
[Black "Nun,Ji"]
[Result "1/2-1/2"]
[WhiteElo "2489"]
[BlackElo "2387"]

1.Nf3 c5 2.c4 e6 3.g3 b6 4.Bg2 Bb7 5.O-O Nf6 6.Nc3 Be7 7.Re1 d5 8.cxd5 exd5
9.d4 O-O 10.Bf4 Na6 11.Rc1 Ne4 12.a3 Nxc3 13.Rxc3 Nc7 14.dxc5 bxc5 15.Rb3 Bc6
16.Rc3 d4 17.Rc1 Ne6 18.b4 Nxf4 19.gxf4 Bxf3 20.Bxf3 Rc8 21.bxc5 Bxc5 22.Qd3 Qd6
23.Qf5 Rc7 24.a4 Bb6 25.a5 Rxc1 26.Rxc1 Bc7 27.Rc5 Qxf4 28.Qxf4 Bxf4 29.Rd5 Bc7
30.Rc5 Bd8 31.Kg2 g6 32.Bd5 Kg7 33.Rb5 h5 34.Bc4 Bc7 35.Rc5 Bd8 36.Bd5 Re8
37.Rc8 Rf8 38.Rc5 Re8 39.Rc8 Rf8 40.Ra8 Bxa5 41.Rxa7 Bd8 42.Rd7 Bf6 43.Kf3 Bg5
44.h3 Bh4 45.Bc4 Bf6 46.Bb3 Kg8 47.Bc4 Kg7 48.Kg2 Kg8 49.f4 Kg7 50.Kf3 Kg8
51.Rb7 Kg7 52.Bd5 Kg8 53.f5 g5 54.Bc4 Kg7 55.Rd7 Kg8 56.Rb7 Kg7 57.Bd5 Kg8
58.Kg2 Kg7 59.Kf2 Be5 60.Kf3 Bf6 61.Rd7 Kg8 62.Kf2 Kg7 63.Bf3 Rd8 64.Rb7 Re8
65.Bxh5 Re7 66.Rb3 Rc7 67.Kg2 Re7 68.Rb6 Rc7 69.Ra6 Re7 70.Kf2 Rc7 71.Bf3 Re7
72.Rc6 Ra7 73.Bd5 Rd7 74.Bc4 Re7 75.Kg2 Be5 76.Ra6 Bf6  1/2-1/2

[Event "Minsk Open 2013"]
[Site "Minsk BLR"]
[Date "2013.07.19"]
[Round "7.4"]
[White "Minasian,Art"]
[Black "Zhigalko,A"]
[Result "1/2-1/2"]
[WhiteElo "2493"]
[BlackElo "2604"]

1.c4 Nf6 2.Nf3 e6 3.g3 b6 4.Bg2 Bb7 5.O-O c5 6.Nc3 Be7 7.Re1 a6 8.e4 d6 9.b3 O-O
10.d4 cxd4 11.Nxd4 Qc7 12.Bb2 Nbd7 13.Rc1 Rfe8  1/2-1/2

[Event "Maccabiah GM1 2013"]
[Site "Jerusalem ISR"]
[Date "2013.07.22"]
[Round "2.3"]
[White "Grunberg,M"]
[Black "Dvoirys,S"]
[Result "1/2-1/2"]
[WhiteElo "2411"]
[BlackElo "2538"]

1.Nf3 c5 2.c4 Nf6 3.g3 b6 4.Bg2 Bb7 5.O-O e6 6.Nc3 Be7 7.Re1 d6 8.e4 a6 9.d4 cxd4
10.Nxd4 Qc7 11.Be3 Nbd7 12.f4 Rc8 13.Rc1 Qb8 14.Qe2 O-O 15.g4 Nc5 16.Bf2 e5
17.Nf5 Bd8 18.fxe5 dxe5 19.g5 Ne8 20.h4 Ne6 21.Nd5 Kh8 22.Qd2 Nd6 23.b3 Nxf5
24.exf5 Nd4 25.Bxd4 exd4 26.Qxd4 Bxd5 27.cxd5 Rxc1 28.Rxc1 Be7 29.f6 gxf6
30.d6 Bxd6 31.Qxf6+ Kg8 32.Kh1 Bc5 33.Rf1 Qg3 34.Qf4 Qxf4 35.Rxf4 Rd8 36.Bf1 Rd1
37.a4 a5 38.Kg2 Rd4  1/2-1/2

[Event "65th ch-MNE 2013"]
[Site "Cetinje SRB"]
[Date "2013.07.24"]
[Round "5.12"]
[White "Tomic,Aleksandar"]
[Black "Lekic,L"]
[Result "1-0"]
[WhiteElo "1970"]
[BlackElo "2054"]

1.Nf3 Nf6 2.g3 b6 3.Bg2 Bb7 4.O-O e6 5.c4 c5 6.b3 Be7 7.Bb2 O-O 8.Nc3 d6
9.Re1 a6 10.e4 Nbd7 11.d4 cxd4 12.Nxd4 Qc7 13.Qe2 Rac8 14.Rad1 Rfd8 15.f4 e5
16.Nf5 Bf8 17.Kh1 Qb8 18.Ne3 Bc6 19.Ncd5 b5 20.Ba3 exf4 21.gxf4 Re8 22.Qd3 b4
23.Bb2 Nc5 24.Qc2 Nfxe4 25.Rd4 f5 26.Rg1 Ne6 27.Rxe4 fxe4 28.Bxe4 Bxd5 29.Nxd5 Kh8
30.Qg2 Rc7 31.Qh3 Ng5 32.fxg5 Rxe4 33.g6  1-0

[Event "ch-AUT 2013"]
[Site "Feldkirch AUT"]
[Date "2013.07.24"]
[Round "5.7"]
[White "Mesaros,Florian"]
[Black "Groetz,H"]
[Result "0-1"]
[WhiteElo "2166"]
[BlackElo "2319"]

1.Nf3 c5 2.c4 b6 3.g3 Nf6 4.Bg2 Bb7 5.O-O e6 6.b3 Be7 7.Bb2 O-O 8.Nc3 d6
9.d4 cxd4 10.Qxd4 a6 11.Rad1 Nbd7 12.Ng5 Bxg2 13.Kxg2 Qc7 14.Nge4 Rfd8 15.Nxf6+ Nxf6
16.e4 Rab8 17.a4 Qc5 18.Qd2 Rbc8 19.Rfe1 Bf8 20.Re3 Qc6 21.f3 Nd7 22.Re2 Qc5
23.Ba1 Ne5 24.Qa2 Nc6 25.Red2 Be7 26.Bb2 Ne5 27.h4 h6 28.Ba3 Qe3 29.f4 Qf3+
30.Kh2 Qxc3 31.fxe5 Qxe5 32.Qb2 Qxe4 33.Bxd6 Bf6 34.Qb1 Qg4 35.Bb4 Rxd2+
36.Bxd2 Qe2+ 37.Kh3 Rd8 38.Qc1 Rd3 39.a5 Be5  0-1

[Event "ch-AUT 2013"]
[Site "Feldkirch AUT"]
[Date "2013.07.28"]
[Round "9.15"]
[White "Ager,J"]
[Black "Groetz,H"]
[Result "1/2-1/2"]
[WhiteElo "2176"]
[BlackElo "2319"]

1.Nf3 c5 2.g3 b6 3.Bg2 Bb7 4.c4 Nf6 5.O-O e6 6.Nc3 Be7 7.Re1 O-O 8.e4 d6
9.d3 Nbd7 10.b3 a6 11.Bb2 Qc7 12.Qe2 Rfe8 13.Rac1 Rad8 14.d4 cxd4 15.Nxd4 Qb8
16.f4 Bf8 17.Nc2 g6 18.Ba1 d5 19.e5 Ne4 20.Nxe4 dxe4 21.b4 Qc7 22.a3 a5 23.Bc3 Rc8
24.Ne3 Red8 25.Red1 Be7 26.Qe1 Nb8 27.Rxd8+ Rxd8 28.Rd1 Na6 29.Rxd8+ Qxd8
30.bxa5 Bxa3 31.Qd2 Qc7 32.axb6 Qxb6 33.Ba5 Qb1+ 34.Qd1 Qxd1+ 35.Nxd1 Bc5+
36.Kf1 Nb4 37.Nc3 Ba6 38.Nb5 Nc2 39.Ke2 Ne3 40.Bb4 Nxc4 41.Bxc5 Bxb5 42.Bxe4 Nxe5+
43.Kf2 Nd7 44.Bd6 f6 45.Ke3 Kf7 46.Bb7 Bc4 47.Kd4 Bb3 48.Bc6 Nf8 49.Bb4 Ba2
50.Bd6 h6 51.h4 Nh7 52.Be4 f5 53.Bf3 Bd5 54.Be2 Nf6 55.Bb4 Ne4 56.Be1 Kf6
57.Bd3 Nd6 58.Bb4 Nf7 59.Ba5 Bb3 60.Bc7 Ke7 61.Ba5 Ba2 62.Bb4+ Kf6 63.Be2 e5+
64.fxe5+ Nxe5 65.Bf8 Nf7 66.Bb5 g5 67.Be8 f4 68.hxg5+ Nxg5 69.Bxh6 fxg3 70.Bc6 Kg6
71.Bf8 Nf7 72.Ke3 Kg5 73.Kf3 Kh4 74.Kg2 Be6 75.Be7+ Kg4 76.Bb4 Ne5 77.Bd6 Nxc6
78.Bxg3 Bd5+ 79.Kf2 Bf3 80.Bc7 Nd4 81.Ke3 Ne6 82.Bb8  1/2-1/2

[Event "ch-AUT 2013"]
[Site "Feldkirch AUT"]
[Date "2013.07.28"]
[Round "9.11"]
[White "Holzmann,H"]
[Black "Gstach,Jakob"]
[Result "0-1"]
[WhiteElo "2116"]
[BlackElo "2140"]

1.Nf3 Nf6 2.c4 e6 3.g3 b6 4.Bg2 Bb7 5.O-O c5 6.Nc3 Be7 7.d4 cxd4 8.Qxd4 d6
9.b3 O-O 10.Rd1 Nbd7 11.Bb2 a6 12.e4 Qc7 13.Rac1 Rad8 14.Qe3 Rfe8 15.Nd2 Bf8
16.h3 Qb8 17.Ne2 Qa8 18.g4 d5 19.Ng3 dxe4 20.Ndxe4 Nxe4 21.Bxe4 Nc5 22.Bxb7 Qxb7
23.Rd4 Rxd4 24.Qxd4 Re7 25.Qe3 Rd7 26.Qe2 Nd3 27.Rd1 Nf4  0-1

[Event "3rd Chinese Master Rapid Men"]
[Site "Shenzhen CHN"]
[Date "2013.07.30"]
[Round "2.3"]
[White "Xiu Deshun"]
[Black "Zhou Jianchao"]
[Result "1-0"]
[WhiteElo "2556"]
[BlackElo "2572"]

1.Nf3 Nf6 2.c4 e6 3.g3 b6 4.Bg2 Bb7 5.O-O c5 6.Nc3 Be7 7.Re1 Ne4 8.Nxe4 Bxe4
9.d3 Bb7 10.e4 Nc6 11.d4 cxd4 12.Nxd4 Nxd4 13.Qxd4 O-O 14.Bf4 Bc5 15.Qd2 Qe7
16.Red1 e5 17.Bg5 f6 18.Be3 Bc6 19.Bxc5 Qxc5 20.Rac1 a5 21.h4 f5 22.exf5 Rxf5
23.Bd5+ Kh8 24.Qe3 Qxe3 25.fxe3 Raf8 26.Rf1 g6 27.g4 Rxf1+ 28.Rxf1 Kg7 29.Rxf8 Kxf8
30.Kf2 Bxd5 31.cxd5 Ke7 32.Kf3 d6 33.Ke4 Kd7 34.Kd3 b5 35.a4 bxa4 36.Kc4 Kc7
37.Kb5 a3 38.bxa3 a4 39.Kxa4 Kb6 40.Kb4  1-0

[Event "9th Tabor Open 2013"]
[Site "Tabor CZE"]
[Date "2013.07.30"]
[Round "4.5"]
[White "Neuman,P"]
[Black "Tesar,J"]
[Result "1-0"]
[WhiteElo "2522"]
[BlackElo "2094"]

1.c4 c5 2.Nf3 b6 3.g3 Bb7 4.Bg2 Nf6 5.O-O e6 6.Nc3 Be7 7.Re1 d6 8.e4 a6 9.d4 cxd4
10.Nxd4 Qc7 11.Be3 Nbd7 12.Rc1 Rc8 13.b3 Nc5 14.f3 h6 15.Bf2 g5 16.Qd2 Rg8
17.Nc2 Rg6 18.Nb4 Kf8 19.Nd3 Nxd3 20.Qxd3 Nd7 21.Ne2 Kg8 22.Qe3 Kh7 23.Nd4 Bf6
24.Rcd1 Rcg8 25.Rd2 Be5 26.Ne2 b5 27.cxb5 axb5 28.Rc1 Qb8 29.Qd3 b4 30.Bd4 d5
31.Qb5 Bxd4+ 32.Nxd4 Ne5 33.exd5 exd5 34.Qxb4 Qa7 35.Qc5 Qa8 36.Qc2 Rc8 37.Qd1 Qa7
38.Kh1 Nc6 39.Nb5 Qb6 40.a4 Nb4 41.Rxc8 Bxc8 42.Qg1 Qd8 43.h3 h5 44.Qc5 Qe8
45.Rd1 g4 46.Qxb4 gxh3 47.Bf1 Bb7 48.Qf4 Qe6 49.Nd4 Qd7 50.Bd3  1-0

[Event "Politiken Cup 2013"]
[Site "Helsingor DEN"]
[Date "2013.08.02"]
[Round "8.61"]
[White "Collareta,G"]
[Black "Henrichsen,J"]
[Result "1/2-1/2"]
[WhiteElo "2108"]
[BlackElo "1937"]

1.c4 Nf6 2.Nf3 e6 3.g3 b6 4.Bg2 Bb7 5.O-O c5 6.Nc3 d6 7.b3 a6 8.d4 cxd4 9.Qxd4 Nbd7
10.Rd1 Qc7 11.e4 Be7 12.Ba3 Nc5 13.e5 dxe5 14.Qxe5 Rc8 15.Qxc7 Rxc7 16.Ne5 Bxg2
17.Kxg2 O-O 18.Bxc5 Bxc5 19.Na4 b5 20.Nxc5 Rxc5 21.f4 bxc4 22.bxc4 h5 23.Rd6 Rb8
24.Rxa6 Ng4 25.Nxg4 hxg4 26.Ra4 Rb2+ 27.Kg1 Rh5 28.Ra3 Rhxh2 29.Rc3 Rbg2+
30.Kf1 Rf2+ 31.Kg1 Rfg2+ 32.Kf1 Rf2+ 33.Kg1 Rxa2 34.Rxa2 Rxa2 35.c5 Kf8 36.c6 Ra8
37.Kf2 Rc8 38.Ke3 Ke7 39.Ke4 Kd6 40.Rd3+ Kxc6 41.f5 Re8 42.Kf4 e5+ 43.Kxg4 e4
44.Rd1  1/2-1/2

[Event "9th Tabor Open 2013"]
[Site "Tabor CZE"]
[Date "2013.08.03"]
[Round "8.14"]
[White "Kozak,Mi"]
[Black "Barrish,Daniel"]
[Result "1/2-1/2"]
[WhiteElo "2169"]
[BlackElo "1824"]

1.Nf3 Nf6 2.c4 e6 3.g3 b6 4.Bg2 Bb7 5.O-O c5 6.Nc3 Be7 7.d4 cxd4 8.Qxd4 O-O
9.Rd1 Nc6 10.Qf4 d6 11.b3 a6 12.Ba3 d5 13.Bxe7 Nxe7 14.e4 Qb8 15.Qxb8 Raxb8
16.cxd5 exd5 17.e5 Ne4 18.Nxe4 dxe4 19.Ng5 Ng6 20.Nxe4 Nxe5 21.Rd6 f5  1/2-1/2

[Event "9th Tabor Open 2013"]
[Site "Tabor CZE"]
[Date "2013.08.03"]
[Round "8.16"]
[White "Zadrapa,R"]
[Black "Tesar,J"]
[Result "0-1"]
[WhiteElo "2045"]
[BlackElo "2094"]

1.c4 c5 2.Nf3 e6 3.g3 b6 4.Bg2 Bb7 5.O-O Nf6 6.Nc3 Be7 7.a3 a6 8.e3 Qc7 9.b3 d6
10.Bb2 Nbd7 11.d4 O-O 12.Rc1 Rad8 13.Qc2 Qb8 14.e4 cxd4 15.Nxd4 Rc8 16.Qe2 Rfe8
17.Rfe1 Qa7 18.Rcd1 Bf8 19.h3 Nc5 20.Qe3 Qb8 21.g4 d5 22.e5 Nfe4 23.cxd5 exd5
24.Nxe4 dxe4 25.Nf5 Nd3 26.Qg5 Re6 27.Ba1 h6 28.Qd2 Nxe1 29.Rxe1 Qc7 30.Nd4 Rxe5
31.Nf5 Rxf5 32.gxf5 Qc2 33.Qd4 Re8 34.Re3 Qc1+ 35.Bf1 Qc7 36.b4 Qd8 37.Qc3 f6
38.Bc4+ Kh8 39.Bb2 Bd6 40.Qb3 Bf4 41.Re1 e3 42.fxe3 Bf3 43.Bd4 Qc7 44.exf4 Rxe1+
45.Kf2 Bd1 46.Qd3 Re2+ 47.Kg3 Qc6 48.Bf2 Re8 49.Bf7 Rf8 50.Be6 Bh5 51.Kh4 Be8
52.Qe3 g5+ 53.fxg5 hxg5+ 54.Kg4 Qg2+ 55.Bg3 Kg7 56.h4 Bh5+  0-1

[Event "Sparkassen Open A 2013"]
[Site "Dortmund GER"]
[Date "2013.08.04"]
[Round "9.8"]
[White "Schmuecker,Ma"]
[Black "Huckebrink,Chris"]
[Result "1/2-1/2"]
[WhiteElo "2255"]
[BlackElo "2034"]

1.Nf3 Nf6 2.c4 e6 3.g3 b6 4.Bg2 Bb7 5.O-O c5 6.Nc3 d5 7.cxd5 Nxd5 8.Nxd5 Bxd5
9.Qa4+ Qd7 10.Qxd7+ Nxd7 11.d3 Bd6 12.Bd2 Ne5 13.Nxe5 Bxe5 14.Bc3 Bxc3 15.bxc3 Bxg2
16.Kxg2 O-O-O 17.a4 Kc7 18.f4 Kc6 19.Kf3 a6 20.Ke3 Rhe8 21.d4 cxd4+ 22.cxd4 Rd5
23.Kd3 Red8 24.e3 f5 25.Rf2 Kb7 26.Rc2 Rc8 27.Rxc8 Kxc8 28.Kc4 Kd7 29.h3 h5
30.Rg1 Ke7 31.g4 fxg4 32.hxg4 g5 33.gxh5 gxf4 34.exf4 Rxh5 35.Rb1 Ra5 36.Rxb6 Rxa4+
37.Kd3 Ra1 38.Ke4 a5 39.Ra6 a4 40.f5 exf5+ 41.Kxf5 a3 42.Ke5 a2 43.Ra7+ Kd8
44.Kd6 Kc8 45.d5 Kb8 46.Ra3 Kb7 47.Rb3+ Kc8 48.Rb2 Rh1 49.Rxa2 Rh6+ 50.Kc5 Kd8
51.Rg2 Rf6 52.Rg7 Rh6 53.Ra7 Rg6 54.Rh7 Rf6 55.Kd4 Ra6 56.Ke5 Rb6 57.d6  1/2-1/2

[Event "FSFMA2 August 2013"]
[Site "Budapest HUN"]
[Date "2013.08.07"]
[Round "5.1"]
[White "Juhasz,Bel"]
[Black "Kenani,D"]
[Result "1/2-1/2"]
[WhiteElo "2194"]
[BlackElo "2046"]

1.Nf3 Nf6 2.c4 e6 3.g3 b6 4.Bg2 Bb7 5.O-O c5 6.Nc3 Be7 7.Re1 O-O 8.e4 d5
9.e5 Ne8 10.cxd5 exd5 11.d4 Nc7 12.Be3 Nd7 13.h4 a5 14.a4 Ne6 15.Qb3 cxd4
16.Bxd4 Ndc5 17.Qc2 Rc8 18.Rad1 Na6 19.Bf1 Nb4 20.Qb1 Bc6 21.Rd2 Bc5 22.Red1 Qe7
23.Re1 Rfd8 24.Bh3 h6 25.Bf5 Qe8 26.Qd1 Rb8 27.Bb1 Qe7 28.Ne2 Qd7 29.b3 Bf8
30.Bf5 Qb7 31.Bb2 Bd7 32.Ned4 Nc6 33.Nxc6 Bxc6 34.Bc3 Bc5 35.Rd3 Re8 36.Nd4 Bd7
37.Qf3 Rbc8 38.Red1 Nxd4 39.Bxd4 Bxd4 40.Rxd4 Rc5 41.Bxd7 Qxd7 42.Rxd5 Rxd5
43.Rxd5 Qc7  1/2-1/2

[Event "XI Miguel Najdorf Open A 2013"]
[Site "Warsaw POL"]
[Date "2013.08.09"]
[Round "5.16"]
[White "Goslawski,M"]
[Black "Malec,S"]
[Result "1-0"]
[WhiteElo "2118"]
[BlackElo "2185"]

1.Nf3 e6 2.c4 Nf6 3.g3 b6 4.Bg2 Bb7 5.O-O c5 6.d4 cxd4 7.Qxd4 Nc6 8.Qf4 d5
9.Rd1 Bd6 10.Qh4 Ne7 11.cxd5 Bxd5 12.Nc3 Bc6 13.Ne5 Bxg2 14.Kxg2 O-O 15.Bg5 Nf5
16.Qa4 Qc7 17.Bxf6 gxf6 18.Nd7 Qb7+ 19.Kg1 Rfd8 20.Qg4+ Kh8 21.Nxf6 Be5 22.Qe4 Qc7
23.Nb5 Qc5 24.Nd7 Qxb5 25.Qxe5+ Qxe5 26.Nxe5 Kg7 27.Rac1 Nd4 28.Kf1 Kf6 29.f4 Rd5
30.Rc7 Rxe5 31.fxe5+ Kxe5 32.Rxf7 h5 33.Rd3 Nf5 34.Rh7  1-0

[Event "HZ Open 2013"]
[Site "Vlissingen NED"]
[Date "2013.08.10"]
[Round "9.29"]
[White "Sibriaev,A"]
[Black "De Vleeschauwer,M"]
[Result "1-0"]
[WhiteElo "2239"]
[BlackElo "2030"]

1.Nf3 c5 2.g3 b6 3.Bg2 Bb7 4.c4 Nf6 5.O-O e6 6.Nc3 Be7 7.Re1 d6 8.e4 O-O
9.d4 cxd4 10.Nxd4 Nbd7 11.e5 dxe5 12.Bxb7 exd4 13.Bxa8 Qxa8 14.Qxd4 Nc5 15.Rd1 Rd8
16.Qe3 Rxd1+ 17.Nxd1 Ng4 18.Qe2 h5 19.f3 Nf6 20.Bg5 Ncd7 21.Nf2 Bc5 22.Kg2 Bd4
23.Rd1 e5 24.Be3 Bxe3 25.Qxe3 Qc6 26.b3 Ng4 27.Nxg4 hxg4 28.Qe4 gxf3+ 29.Kxf3 Qf6+
30.Kg2 Nc5 31.Qd5 Qh6 32.Qxe5  1-0

[Event "4th Royal Residence Cup"]
[Site "Zhovkva UKR"]
[Date "2013.08.18"]
[Round "5.1"]
[White "Enkhnar,E"]
[Black "Sychevskyy,Andriy"]
[Result "1-0"]
[WhiteElo "2235"]
[BlackElo "2150"]

1.Nf3 Nf6 2.c4 c5 3.g3 b6 4.Bg2 Bb7 5.O-O e6 6.Nc3 Be7 7.b3 d5 8.cxd5 Nxd5
9.Nxd5 Bxd5 10.Bb2 Bf6 11.Bxf6 Qxf6 12.d4 cxd4 13.Qxd4 Qxd4 14.Nxd4 Bxg2
15.Kxg2 e5 16.Nb5 Na6 17.Rfd1 Ke7 18.Rd5 f6 19.Rad1 Rhc8 20.Rd7+ Kf8 21.b4 Re8
22.a3 Re7 23.Rd8+ Rxd8 24.Rxd8+ Kf7 25.e4 Ke6 26.f4 exf4 27.gxf4 g6 28.Kf3 Kf7
29.Rh8 Ke6 30.Ra8 Nc7 31.Nd4+ Kd7 32.Rxa7 Kc8 33.Nb5  1-0

[Event "9th BDO Challenger"]
[Site "Haarlem NED"]
[Date "2013.08.20"]
[Round "4.1"]
[White "Afek,Y"]
[Black "Meng,R"]
[Result "0-1"]
[WhiteElo "2315"]
[BlackElo "2307"]

1.Nf3 Nf6 2.c4 e6 3.g3 b6 4.Bg2 Bb7 5.O-O c5 6.Nc3 Be7 7.d4 cxd4 8.Qxd4 d6
9.b3 Nbd7 10.Bb2 O-O 11.Rad1 a6 12.e4 Qc7 13.Rfe1 Rac8 14.Qd2 Qb8 15.Nd4 Rfe8
16.h3 Bf8 17.Kh2 Nc5 18.Qc2 Qa8 19.f4 d5 20.e5 Nfe4 21.Nxe4 dxe4 22.Re2 Nd3
23.Bc3 g6 24.a4 Red8 25.Qd2 h5 26.f5 exf5 27.Qg5 Rxd4 28.Bxd4 Rd8 29.Ba1 Bg7
30.e6 Bxa1 31.Rxa1 Rd6 32.exf7+ Kxf7 33.Rf1 Rf6 34.Rd2 Bc6 35.Rfd1 Qe8 36.Qh6 Qf8
37.Qxf8+ Kxf8 38.Bf1 Ne5 39.Be2 h4 40.Rd6 hxg3+ 41.Kxg3 f4+ 42.Kf2 e3+ 43.Ke1 Rxd6
44.Rxd6 Ke7 45.Rd4 f3 46.Rh4 Kf6 47.Rf4+ Kg5 48.Rf8 Kh4 49.c5 bxc5 50.Bxa6 Kg3
51.Rf6 Be4 52.Bf1 Bd3  0-1

[Event "TCh-ESP CECLUB 5th-12th 2013"]
[Site "Linares ESP"]
[Date "2013.08.25"]
[Round "2.2"]
[White "Vega Gomez,F"]
[Black "Rodriguez Melgar,J"]
[Result "1-0"]
[WhiteElo "2248"]
[BlackElo "2190"]

1.Nf3 Nf6 2.g3 b6 3.Bg2 Bb7 4.O-O c5 5.c4 e6 6.Nc3 Be7 7.d4 cxd4 8.Qxd4 Nc6
9.Qd1 O-O 10.Bf4 d6 11.Rc1 a6 12.e4 Qc7 13.Nd5 exd5 14.cxd5 Nxe4 15.Nd4 Nc5
16.dxc6 Bc8 17.Re1 Be6 18.b4  1-0

[Event "21st Honor to National Resistance"]
[Site "Nikaia GRE"]
[Date "2013.08.26"]
[Round "1.7"]
[White "Gazis,Ef"]
[Black "Papakonstantinou,Di2"]
[Result "1/2-1/2"]
[WhiteElo "2285"]
[BlackElo "1910"]

1.Nf3 Nf6 2.c4 e6 3.g3 b6 4.Bg2 Bb7 5.O-O c5 6.Nc3 Be7 7.Re1 d6 8.e4 a6 9.d4 cxd4
10.Nxd4 Qc7 11.Be3 Nbd7 12.Rc1 Rc8 13.f4 O-O 14.f5 e5 15.Nd5 Qd8 16.Nb3 Nxd5
17.exd5 Bg5 18.Qd2 Bxe3+ 19.Qxe3 Nf6 20.Nd2 b5 21.b3 Qa5 22.Ne4 Nxe4 23.Bxe4 bxc4
24.b4 Qd8 25.Qa7 Rc7 26.Qb6 f6 27.Rc3 Qd7 28.Rec1 Rfc8 29.a3 Kf8 30.g4 g5
31.h4 h6 32.Kg2 Kg7 33.Rd1 Qa4 34.Rd2 Qb5 35.Qxd6 Rd7 36.Qe6 Rcd8 37.hxg5 hxg5
38.Rc1 Rxd5 39.Qe7+ Kg8 40.Qe6+ Kg7 41.Qe7+ Kg8 42.Rxd5 Rxd5 43.Qe6+ Kg7
44.Kg3 Rd7 45.Bxb7 Qxb7 46.Qxc4 e4 47.Kf2 Re7 48.Re1 Qb8 49.Rxe4 Qh2+ 50.Kf3 Qh1+
51.Ke3 Qg1+ 52.Kf3 Qh1+ 53.Ke3 Qg1+  1/2-1/2

[Event "11th Kesan Open"]
[Site "Edirne TUR"]
[Date "2013.08.28"]
[Round "3.6"]
[White "Benidze,D"]
[Black "Yeke,S"]
[Result "1-0"]
[WhiteElo "2514"]
[BlackElo "2261"]

1.Nf3 Nf6 2.c4 c5 3.g3 b6 4.Bg2 Bb7 5.O-O e6 6.Nc3 d6 7.Re1 Be7 8.e4 a6 9.d4 cxd4
10.Nxd4 Qc7 11.Be3 Nbd7 12.Rc1 O-O 13.h3 Rac8 14.f4 Qb8 15.Qe2 Rfe8 16.Nb3 Bf8
17.g4 Qa8 18.Nd2 g6 19.Bf3 e5 20.f5 b5 21.fxg6 hxg6 22.g5 b4 23.Nd5 Bxd5
24.exd5 e4 25.Bg2 Nh5 26.Nxe4 Ne5 27.b3 Qb8 28.Rf1 Rc7 29.Rce1 Rce7 30.Nf6+ Nxf6
31.gxf6 Rc7 32.Qd2 Nd7 33.h4 Qd8 34.Bg5 a5 35.h5 Rxe1 36.Qxe1 Ne5 37.hxg6 Nxg6
38.Be4 Qe8 39.Bxg6 Qxe1 40.Rxe1 fxg6 41.Re8 Rh7 42.Ra8 Rh5 43.Be3 Kf7 44.Bd4 Bh6
45.Ra7+ Kf8 46.Rxa5 Rh4 47.Ra8+ Kf7 48.Ra7+ Kf8 49.Bb6 Bg5 50.Ra8+ Kf7 51.Bd8 Be3+
52.Kg2 Rh8 53.Rb8 g5 54.Rb7+ Kg6 55.Rg7+ Kf5 56.f7  1-0

[Event "TCh-SRB 1st League w 2013"]
[Site "Kragujevac SRB"]
[Date "2013.08.28"]
[Round "5.1"]
[White "Tadic,Ka"]
[Black "Zarkovic,M"]
[Result "1-0"]
[WhiteElo "2076"]
[BlackElo "2079"]

1.Nf3 Nf6 2.c4 c5 3.g3 b6 4.Bg2 Bb7 5.O-O e6 6.Nc3 a6 7.Re1 d6 8.e4 Nbd7
9.d4 cxd4 10.Nxd4 Qc7 11.Be3 Be7 12.Rc1 Rc8 13.f4 O-O 14.g4 Nc5 15.Bf2 g6
16.f5 exf5 17.exf5 Bxg2 18.Kxg2 Qb7+ 19.Kg1 Rfe8 20.b4 Ncd7 21.g5 Nh5 22.f6 Bf8
23.Rxe8 Rxe8 24.Qf3 Qxf3 25.Nxf3 h6 26.h4 hxg5 27.hxg5 Ne5 28.Nxe5 Rxe5 29.Bxb6 Rxg5+
30.Kh1 Nxf6 31.b5 axb5 32.cxb5 Bh6 33.Rd1 Rh5+ 34.Kg1 Bf4 35.a4 Nd7 36.Bd4 d5
37.a5 Rg5+ 38.Kf1 Rf5 39.Ke2 Bc7 40.a6 Nb6 41.Bxb6 Bxb6 42.Nxd5 Rf2+ 43.Ke1 Ba7
44.b6 Bxb6 45.Nxb6 Ra2 46.Rd8+ Kg7 47.Ra8 Kf6 48.a7 Ke7 49.Nc8+  1-0

[Event "TCh-SRB 1st League w 2013"]
[Site "Kragujevac SRB"]
[Date "2013.08.28"]
[Round "5.1"]
[White "Nonkovic,B"]
[Black "Milanovic,Ma"]
[Result "1-0"]
[WhiteElo "2078"]
[BlackElo "1953"]

1.Nf3 Nf6 2.c4 c5 3.g3 b6 4.Bg2 Bb7 5.O-O e6 6.d4 cxd4 7.Qxd4 Nc6 8.Qf4 Ne7
9.Nc3 a6 10.b3 Ng6 11.Qd4 Bc5 12.Qd3 h5 13.Bg5 Qc7 14.Na4 Be4 15.Qd2 h4 16.Nxc5 bxc5
17.Rfd1 hxg3 18.hxg3 d5 19.Bxf6 gxf6 20.Qe3 Ne7 21.cxd5 Bxd5 22.Rac1 Rc8
23.Qd3 Qa7 24.Qc3 Rh6 25.Qe3 Nf5 26.Qf4 Rg6 27.Re1 Nd4 28.e4 e5 29.exd5 Kd7
30.Qe4  1-0